News writing and reporting for today's media

Bibliographic Details
Main Author: Itule, Bruce D
Format: Book
Published: New York : McGraw-Hill , 1994
Edition:3rd ed
Subjects:

MARC

LEADER 00000cam a2200000 7i4500
001 0000002279
002 000002482
005 20000330.0
020 |a 0071133844 
090 0 0 |a 070.43   |b ITU 
100 0 |a Itule, Bruce D 
245 1 0 |a News writing and reporting for today's media   |c Bruce D.Itule 
250 |a 3rd ed 
260 |a New York :   |b McGraw-Hill ,   |c 1994 
300 |a 716p. ;   |c 23cm. 
650 0 0 |a Reporters and reporting 
999 |a 035631   |b BUKU   |c PINJAMAN   |e PERPUSTAKAAN KOMUNITI PETALING JAYA 
999 |a 035632   |b BUKU   |c PINJAMAN   |e PERPUSTAKAAN KOMUNITI PETALING JAYA